LEADER 00802nam a2200241 i 4500 001 000000246133 003 CaOOAMICUS 005 20151026000000.0 008 151026s2013 it u000 u ita u 013 $a225038 040 $aSeMil$bita 100 1 $aSerra, Michele.$0(OLS)http://semarc/name/48662 245 14$aGli sdraiati /$cMichele Serra. 250 $a6. ed. 260 $aMilano :$bFeltrinelli,$c2013. 300 $a108 p. ;$c23 cm. 490 0 $aI narratori 830 0$aNarratori.$0(OLS)http://semarc/title/425583 850 $aSeMil 852 $aSeMil$W1$xVenegono$y1$m1A IV 56$j196479$B196479$CSeMilBibl$Z2$F207489 $81 961 $aOmaggio: Altro 996 $6245$aGli sdraiati$9(OLS)http://semarc/title/347839 996 $6260$aMilano :$bFeltrinelli$9(OLS)http://semarc/publisher/30237 LEADER 01492nam a2200289 i 4500 001 000000026299 003 CaOOAMICUS 005 20250610103557.0 008 180830s1750 ne u000 u grc u 040 $aSeMil$bita 041 $agrc$alat 100 0 $aChariton : Aphrodisiensis.$0(OLS)http://semarc/name/11776 245 10$aCharitonos Aphrodisieos ton peri Chairean kai Kallirrhoen erotikon diegematon logoi 8. Jacobus Philippus d'Orville publicavit, animadversionesque adjecit. 246 0 $iTitolo dell'occhietto$aJacobi Philippi D'Orville Animadversiones in Charitonem Aphrodisiensem. Tomus 1. [-2.] 264 1$aAmstelodami :$bApud Petrum Mortier,$c1750. 300 $a2 v. ;$c4°. 500 $aIl v. 1 è diviso in 2 parti 500 $aVignetta calcogr. con motto sul front. del v. 1 700 1 $aMortier, Pieter$b<1.,$cEditore,$d1704-1754>.$0(OLS)http://semarc/name/11777 774 0 $tTomus 1.$w()212491 774 0 $tTomus 2.$w()212492 900 0 $aCaritone : di Afrodisia. 996 $6245$aCharitonos Aphrodisieos ton peri Chairean kai Kallirrhoen erotikon diegematon logoi 8. Jacobus Philippus d'Orville publicavit, animadversionesque adjecit$9(OLS)http://semarc/title/35471 996 $6246$aJacobi Philippi D'Orville Animadversiones in Charitonem Aphrodisiensem. Tomus 1. [-2.]$9(OLS)http://semarc/title/35472 996 $6264$aAmstelodami :$bApud Petrum Mortier$9(OLS)http://semarc/publisher/36785 LEADER 01552nam a2200325 i 4500 001 000000050409 003 CaOOAMICUS 005 20090226000000.0 008 090226s1994 gw u000 u ger u 013 $a21580 020 $a3608916628 040 $aSeMil$bita 100 1 $aInternationale Hegel-Vereinigung.$0(OLS)http://semarc/name/24973 245 10$aVernunftbegriffe in der Moderne /$cherausgegeben von Hans Friedrich Fulda und Rolf-Peter Horstmann. 260 $aStuttgart :$bKlett-Cotta,$c1994. 300 $a872 p. ;$c24 cm. 490 0 $aVeröffentlichungen der Internationale Hegel-Vereininung ;$v20 650 4$aFilosofia - Atti di congressi.$0(OLS)http://semarc/subject/57 650 4$aRagione - Atti di congressi.$0(OLS)http://semarc/subject/9339 650 4$aRazionalismo - Atti di congressi.$0(OLS)http://semarc/subject/10453 700 1 $aHorstmann, Rolf-Peter.$0(OLS)http://semarc/name/24976 700 1 $aFulda, Hans Friedrich.$0(OLS)http://semarc/name/24975 700 1 $aHegel-Kongress <1993 ; Stuttgart>.$0(OLS)http://semarc/name/24974 830 0$aVeröffentlichungen der Internationale Hegel-Vereininung ;$v20.$0(OLS)http://semarc/title/27437 850 $aSeMil 852 $aSeMil$W1$xVenegono$y1$m2P V 523$j16564$B16564$CSeMilBibl$Z2$F16564 $81 961 $aAcquisto: Distributore 996 $6020$a3608916628$9(OLS)http://semarc/number/24164 996 $6245$aVernunftbegriffe in der Moderne$9(OLS)http://semarc/title/76961 996 $6260$aStuttgart :$bKlett-Cotta$9(OLS)http://semarc/publisher/35378